| 000 -LEADER |
| fixed length control field |
01388nam a22001457a 4500 |
| 008 - FIXED-LENGTH DATA ELEMENTS--GENERAL INFORMATION |
| fixed length control field |
230612b ||||| |||| 00| 0 eng d |
| 100 ## - MAIN ENTRY--PERSONAL NAME |
| Personal name |
Ruchita, Chakraborty |
| 245 ## - TITLE STATEMENT |
| Title |
Competition law and the jute sector: Analysing the impact of the law on the golden fiber |
| 260 ## - PUBLICATION, DISTRIBUTION, ETC. (IMPRINT) |
| Place of publication, distribution, etc |
Journal of the Indian Law Institute |
| 300 ## - PHYSICAL DESCRIPTION |
| Extent |
64(1), Jan-Mar, 2022: p.86-99 |
| 520 ## - SUMMARY, ETC. |
| Summary, etc |
Jute, the golden fibre, is a natural plant fibre that has huge economic and social significance in India - in terms of employment generation, cultivation and commercial utility as synthetic substitutes, specially in the wake of the rising environmental concerns across the globe. In the commercial operations, the importance of competition law has huge implications. However, due to very specific characteristics of the jute sector, the implications of the competition laws needs to be analysed from the lens of the economic viability of the sector and social impacts that it may probably cast on nearly 40 lakh families that are dependent on the industry for their survival. In this context, the present paper aims to analyse the importance of competition law and its application on the jute sector and examines the way that the sector has been dealt by the competition authorities in recent times.- Reproduced |
| 773 ## - HOST ITEM ENTRY |
| Main entry heading |
Journal of the Indian Law Institute |
| 906 ## - LOCAL DATA ELEMENT F, LDF (RLIN) |
| Subject DIP |
JUTE INDUSTRY |
| 942 ## - ADDED ENTRY ELEMENTS (KOHA) |
| Item type |
Articles |